000 00280nam a22001337a 4500
008 181019b xxu||||| |||| 00| 0 eng d
020 _a9780878913640
041 _aeng
080 _a038
100 _a21
101 _aFJA
245 _aMade Nice & Easy
_cREA
942 _2udc
_cBK
999 _c50273
_d50273